[Event "Barcelona op-A"]
[Site "Barcelona"]
[Date "1998.??.??"]
[Round "1"]
[White "Amigo Barbera, Francesc"]
[Black "Ortiz Roson, Manuel"]
[Result "0-1"]
[WhiteElo "2225"]
[BlackElo "2105"]
[PlyCount "114"]
[EventDate "1998.??.??"]
[EventType "swiss"]
[EventRounds "8"]
[EventCountry "ESP"]
[SourceTitle "EXT 2019"]
[Source "ChessBase"]
[SourceDate "2018.10.10"]
[SourceVersion "1"]
[SourceVersionDate "2018.10.10"]
[SourceQuality "1"]

1. g4 e5 2. Bg2 d5 3. h3 c5 4. c4 d4 5. d3 Bd6 6. Na3 Ne7 7. Nc2 Nbc6 8. Bg5 f6 9. Bd2 0-0 10. e4 dxe3 11. Nxe3 f5 12. gxf5 Nxf5 13. Bd5+ Kh8 14. Nf3 Ncd4 15. Ng2 Nxf3+ 16. Bxf3 Nh4 17. Nxh4 Qxh4 18. Qe2 Qf6 19. Be4 Bf5 20. Be3 Qg6 21. f3 Qh5 22. 0-0-0 Bxe4 23. dxe4 Qxf3 24. Qxf3 Rxf3 25. Bg5 Bf8 26. Rd5 Re8 27. h4 Kg8 28. Rhd1 h6 29. Bd2 Rh3 30. Be1 Re3 31. Rd7 Re7 32. Rd8 Kf7 33. Bf2 Rxe4 34. Bxc5 Rxc4+ 35. Kb1 Rxc5 36. Rf1+ Ke6 37. Rfxf8 e4 38. Rf2 Rf5 39. Re2 Ke5 40. Kc2 Ref7 41. Re8+ Kd6 42. R2xe4 Rf4 43. R8e6+ Kd7 44. Kc3 Rxe4 45. Rxe4 Re7 46. Rg4 Ke6 47. Rg6+ Kf7 48. Rg4 b6 49. Kd3 Re5 50. Rc4 g5 51. hxg5 hxg5 52. Rc7+ Re7 53. Rc2 Kg6 54. Rg2 Kf5 55. Rg1 g4 56. b4 Kf4 57. Rf1+ Kg3 0-1

[Event "Barcelona op-A"]
[Site "Barcelona"]
[Date "1998.??.??"]
[Round "6"]
[White "Ortiz Roson, Manuel"]
[Black "Anton Escudero, Maria Dolores"]
[Result "1-0"]
[WhiteElo "2105"]
[BlackElo "2115"]
[PlyCount "94"]
[EventDate "1998.??.??"]
[EventType "swiss"]
[EventRounds "8"]
[EventCountry "ESP"]
[SourceTitle "EXT 2019"]
[Source "ChessBase"]
[SourceDate "2018.10.10"]
[SourceVersion "1"]
[SourceVersionDate "2018.10.10"]
[SourceQuality "1"]

1. e4 d6 2. d4 Nf6 3. Nc3 g6 4. Nf3 Bg7 5. h3 0-0 6. Be2 e5 7. dxe5 dxe5 8. Bg5 Qxd1+ 9. Rxd1 c6 10. 0-0 Nbd7 11. Rd6 Ne8 12. Rd2 Nc7 13. Rfd1 Nb6 14. a4 Be6 15. Be7 Rfe8 16. Bd6 Rac8 17. Nxe5 Bxe5 18. Bxe5 Bc4 19. Bxc7 Bxe2 20. Rxe2 Rxc7 21. Red2 Nc4 22. Rd7 Re7 23. Rxc7 Rxc7 24. b3 Ne5 25. f4 Nd7 26. Kf2 Nc5 27. Rd8+ Kg7 28. Ke3 Re7 29. e5 f6 30. Ne4 Nxe4 31. Kxe4 fxe5 32. fxe5 Kf7 33. a5 a6 34. c4 Kg7 35. b4 Kf7 36. Rd6 Rc7 37. Kd4 Ke7 38. Kc5 Ke8 39. Kb6 Rf7 40. e6 Rf4 41. Kxb7 Rxc4 42. Rxc6 Rxb4+ 43. Kxa6 Rb2 44. Ka7 Rxg2 45. a6 Kd8 46. Kb7 Rb2+ 47. Rb6 Rc2 1-0

[Event "Barcelona op-A"]
[Site "Barcelona"]
[Date "1998.??.??"]
[Round "4"]
[White "Vall de Vilaramo, Jordi"]
[Black "Ortiz Roson, Manuel"]
[Result "1-0"]
[WhiteElo "2285"]
[BlackElo "2105"]
[PlyCount "115"]
[EventDate "1998.??.??"]
[EventType "swiss"]
[EventRounds "8"]
[EventCountry "ESP"]
[SourceTitle "EXT 2019"]
[Source "ChessBase"]
[SourceDate "2018.10.10"]
[SourceVersion "1"]
[SourceVersionDate "2018.10.10"]
[SourceQuality "1"]

1. d4 d5 2. Nf3 e6 3. c4 Nf6 4. Nc3 Nbd7 5. Bg5 Bb4 6. cxd5 exd5 7. Qc2 c5 8. dxc5 Qa5 9. Bd2 Nxc5 10. a3 Bxc3 11. Bxc3 Qa4 12. Qxa4+ Nxa4 13. Bxf6 gxf6 14. b3 Nc5 15. Nd4 Ne6 16. e3 Nxd4 17. exd4 0-0 18. Bd3 Be6 19. Kd2 Rac8 20. Rhe1 Rfe8 21. Re3 h5 22. Rae1 Bd7 23. Rxe8+ Rxe8 24. Rxe8+ Bxe8 25. h4 Kg7 26. Ke3 Kh6 27. Kf4 Bd7 28. Bf5 Be6 29. b4 Kg7 30. Bc2 Kh6 31. Bd1 Bd7 32. Bb3 Be6 33. Ba4 Kg6 34. Bc2+ Kh6 35. f3 Kg7 36. g3 Bd7 37. Bd1 Be6 38. Be2 Bd7 39. Bd3 Be6 40. Bc2 Kh6 41. Ke3 Kg7 42. Kf4 Kh6 43. Ba4 Kg6 44. Bb5 Kh6 45. a4 b6 46. a5 Kg6 47. axb6 axb6 48. Bc6 Kh6 49. Ke3 Kg7 50. Kd2 Kf8 51. Kc3 Ke7 52. Bb5 f5 53. Be2 Kf6 54. f4 Kg6 55. Bb5 Kg7 56. Kb3 f6 57. Ka4 Kf7 58. Bc6 1-0